Bahagianya apabila hajimu diterima Allah : bimbingan lengkap haji A-Z

Bibliographic Details
Main Author: Fahrur Muis
Format: Book
Language:English
Published: Batu Caves, Selangor : PTS Millennia , 2014
Subjects:

MARC

LEADER 00000cam a2200000 7i4500
001 0000026344
005 20150818.0
008 17082015 my a eng
020 |a 9789670142531 ,   |c RM20.00 
040 |a INS 
090 0 0 |a BP181   |b F34 2014 
100 1 |a Fahrur Muis 
245 1 0 |a Bahagianya apabila hajimu diterima Allah :   |b bimbingan lengkap haji A-Z   |c Fahrur Muis 
260 |a Batu Caves, Selangor :   |b PTS Millennia ,   |c 2014 
300 |a vi,144ms :   |b ill ;   |c 22cm. 
500 |a Mengandungi rujukan 
650 0 |a Islam   |x Customs and practices 
650 0 |a Muslim pilgrims and pilgrimes   |z Arab Saudi   |z mecca 
650 0 |a Religious life   |x Islam 
999 |a 1000002379   |b BOOK   |c Open Shelf   |e Default branch